Miasta z ponad 1mln mieszkańców-nagła śmierć - Statystyki

Ogólne statystyki
  • Ten quiz został rozwiązany 47 razy
  • Średni wynik to 1 z 8
Answers on the Grid
Answers color-coded by a green-red scale on the quiz's grid according to % correct below.
Moskwa
Warszawa
Berlin
Barcelona
Madryt
Rzym
Londyn
Paryż
Nowy Jork
Los Angeles
Filadelfia
Waszyngton
Bogota
Brazylia
Buenos Aires
Sao Paulo
Sydney
 
Statystyki odpowiedzi
Odpowiedź % Poprawnych
Moskwa
93%
Nowy Jork
11%
Paryż
11%
Buenos Aires
7%
Londyn
7%
Sao Paulo
4%
Bogota
0%
Los Angeles
0%
Nie znaleziono quizów pasujących do podanych kryteriów
Rozkład punktacji
Procent ludzi z każdym wynikiem
Percentyl według liczby udzielonych odpowiedzi
Twoja historia wyników
Nie rozwiązałeś tego quizu